000
00274cam a22001097a 4500
008
180718b1958 xxu||||| |||| 00| 0 eng d
082
_a
D C936c
245
_a
Current affairs
260
_a
Delhi
_b
Malhotra Brothers
_c
1958
300
_a
218p.
650
_a
International Relations
999
_c
363429
_d
363429